000 00535nam a2200217Ia 4500
003 OST
005 20240606080843.0
008 150730s9999 xx 000 0 und d
020 _a0273658042
040 _cMRUC
050 _aHD30.4.S28 2003
100 _aSaunders, M
245 _aResearch methods for business students
250 _a3
264 _a"Harlow, England"
264 _bPrentice Hall
264 _c2003
650 _aBusiness-- Research-- Methodology
942 _2lcc
_cBK
999 _c1824
_d1824